MARC

LEADER 00000nam0a2200000 4500
001 355128
005 20231102010749.0
010 |b 3000 экз. 
035 |a (RuTPU)RU\TPU\retro\12387 
090 |a 355128 
100 |a 20200702d1942 m y0rusy50 ca 
101 0 |a rus 
102 |a RU 
105 |a a j 001zy 
200 1 |a Курс общей фотограмметрии  |e учебное пособие для геодезических вузов и факультетов  |f А. С. Скиридов 
210 |a Москва  |c Геодезиздат  |d 1942 
215 |a 286 с.  |c ил. 
300 |a Подписано к печати 5/X 1942 г. 
320 |a Библиогр.: с. 284 
606 1 |a Фотограмметрия  |2 stltpush  |3 (RuTPU)RU\TPU\subj\64202  |9 81115 
610 1 |a фотограмметрическая съемка 
610 1 |a задачи 
610 1 |a снимки 
610 1 |a измерение 
610 1 |a фотоизображения 
610 1 |a фотографирование 
610 1 |a местность 
610 1 |a координаты 
610 1 |a масштабы 
610 1 |a ориентирование 
610 1 |a точность 
610 1 |a искажения 
610 1 |a монокулярное зрение 
610 1 |a бинокулярное зрение 
610 1 |a стереоскопическое зрение 
610 1 |a учебные пособия 
610 1 |a коллекция: 1941-1945 гг. 
610 1 |a Великая Отечественная война 1941-1945 
675 |a 528.71(075.8)  |v 4 
700 1 |a Скиридов  |b А. С. 
801 1 |a RU  |b 63413507  |c 20200702 
801 2 |a RU  |b 63413507  |c 20200702  |g RCR 
942 |c BK